000 00532nam a2200181Ia 4500
001 2619
005 20260306144820.0
008 260306t2010||||xx |||||||||||||| ||spa||
041 _aESP
082 _a618.2
_bV935
100 _aVelarde Bedriñana, Luz Giovanna
_eAUT
245 0 _aLas parteras sí saben, son importantes, sólo que están olvidadas:
_bsituación actual de la parteras en los Andes del sur del Perú (Ayacucho)
260 _c2010
300 _a
_c
650 _aGEN
654 _aCPS
942 _cLIB
_dJUS
_fJUS
_2ddc
_n
999 _c2619
_d2619